• 首页
  • 本馆介绍
  • 公告通知
  • 最新文献
  • 馆藏检索
  • 电子资源
  • 读者导购
  • 参考咨询
  • 我的图书馆
  • 登录
  • 详细信息显示
  • 放入我的书架
  • 预约/预借图书
  • 作者相关作品
  • 分类相关作品
  • 丛书相关作品
  • 出版社相关作品

书目信息

  • 表格格式
  • 工作单格式
  • 卡片格式
题名:
中国近代体育史简编
    
 
作者: ;成都体育学院体育史研究室 编著
分册:  
出版信息: 北京   人民体育出版社  1981
页数: 239页
开本: 19cm
丛书名:
单 册:
中图分类: G812.9
科图分类:
主题词: 体育运动史--中国--近代 , 体育事业--世界
电子资源:
ISBN:
000 00753nam0 2200241 45
001 0181009122
005 20060813113133.35
010    @dCNY0.85
091    @a7051.1924
100    @a19950610d1981 emky0chiy0121 ea
101 0  @achi
102    @aCN@b110000
105    @af 000yy
200 10 @a中国近代体育史简编@Azhong guo jin dai ti yu shi jian bian@f成都体育学院体育史研究室编著
210    @a北京@c人民体育出版社@d1981
215    @a239页@c照片@d19cm
606    @a体育运动史@y中国@z近代
606 0  @a体育事业@x世界
690    @aG812.9
711 02 @a成都体育学院体育史研究室@Acheng du ti yu xue yuan ti yu shi yan jiu shi@4编著
801  2 @aCN@bNLC@c20060813
801  0 @aCN@b上海图书馆@c20040508
905    @f1@b78192@dG812.9@e5@b108886-887@f2
    
    中国近代体育史简编/成都体育学院体育史研究室编著.-北京:人民体育出版社,1981
    239页:照片;19cm
    
    
    ISBN :CNY0.85
    
●
相关链接 在E读中查询图书 在五车中查询图书 在当当中查询图书 在豆瓣中查询图书


正题名:中国近代体育史简编     索取号:G812.9/5         预约/预借

序号 登录号 条形码 馆藏地/架位号 状态 备注
1 0078192   000299288   密集书库/ [索取号:G812.9/5] 在馆    
2 0078193   002065311   第一样本阅览室/ [索取号:G812.9/5] 在馆    
3 0108886   000299242   密集书库/ [索取号:G812.9/5] 在馆    
4 0108887   000299233   密集书库/ [索取号:G812.9/5] 在馆    
5 0459321   204593216   密集书库/ [索取号:G812.9/5] 在馆    
6 0459322   204593225   密集书库/ [索取号:G812.9/5] 在馆    
唐山师范学院图书馆 欢迎您!
大连网信软件有限公司© 版权所有